000 00363nam a22001697a 4500
003 UA-OsUOA
001 2836
007 ta
008 20050721b un ||||| |||| 00| 0 ukr d
100 _aPantell
700 _aRobert H.
942 _cBK
040 _aUA-OsUOA
_cUA-OsUOA
_dUA-OsUOA
245 _aTaking care of your child.
_bHealth
955 _a2
650 7 _2UDC
999 _c288998
_d288998